书目信息 |
| 题名: |
外国雕塑掇英
|
|
| 作者: | 俞永康 编 | |
| 分册: | ||
| 出版信息: | 上海 上海教育出版社 1987 |
|
| 页数: | 235页 | |
| 开本: | 19cm | |
| 丛书名: | 中学生文库 | |
| 单 册: | ||
| 中图分类: | J309.1 | |
| 科图分类: | ||
| 主题词: | 雕塑史--外国--中学--课外读物 | |
| 电子资源: | ||
| ISBN: | 7-5320-0294-2 | |
| 000 | 00630nam2 2200229 45 | |
| 001 | 1553125602 | |
| 005 | 20150127223741.37 | |
| 010 | @a7-5320-0294-2@dCNY1.70 | |
| 100 | @a19900808d1987 demy0chiy0121 ea | |
| 101 | 0 | @achi |
| 102 | @aCN@b310000 | |
| 105 | @af z 000yy | |
| 200 | 10 | @a外国雕塑掇英@Awai guo diao su duo ying@f俞永康编 |
| 210 | @a上海@c上海教育出版社@d1987 | |
| 215 | @a235页@c图@d19cm | |
| 225 | 2 | @a中学生文库 |
| 410 | 0 | @120010@a中学生文库 |
| 606 | @a雕塑史@y外国@x中学@x课外读物 | |
| 690 | @aJ309.1@v3 | |
| 701 | 0 | @a俞永康@Ayu yong kang@4编 |
| 801 | 0 | @aCN@bTSSF@c20150127 |
| 905 | @aZUCC@dJ309.1@eJY1 | |
| 外国雕塑掇英/俞永康编.-上海:上海教育出版社,1987 |
| 235页:图;19cm.-(中学生文库) |
| ISBN 7-5320-0294-2:CNY1.70 |
| ● |
| 相关链接 |
|
|
|
|
正题名:外国雕塑掇英
索取号:J309.1/JY1
 
预约/预借
| 序号 | 登录号 | 条形码 | 馆藏地/架位号 | 状态 | 备注 |
| 1 | 7840328 | 278403283 | 学院路分馆/ [索取号:J309.1/JY1] | 在馆 | |
| 2 | 7840329 | 278403292 | 学院路分馆/ [索取号:J309.1/JY1] | 在馆 |